000 nam a22 7a 4500
999 _c234699
_d234699
003 Nust
005 20170329151811.0
008 170329b xxu||||| |||| 00| 0 eng d
040 _cDLC
082 _a910.47 FAI
100 _aفیض،احمد فیض
245 _aمہ و سال آشنائی
260 _aKarachi :
_bDanyal Pub,
300 _a136p. :
942 _2ddc
_cBK